LEADER 00450naa a2200133 i 4500 001 000000326439 003 CaOOAMICUS 005 20180831173522.0 008 180831n it u000 u ita u 013 $a37588 040 $aSeMil$bita 245 12$aL'educazione della coscienza. 773 0 $aPaulus VI $tPaolo 6..$dRoma : Studium, 2016.$z978-88-382-4406-3$gp.167-236$w()186611 996 $6245$aL'educazione della coscienza$9(OLS)http://semarc/title/77487 LEADER 00943nam a2200229 i 4500 001 000000123981 003 CaOOAMICUS 005 20040310000000.0 008 040310s1935 it u000 u ita u 013 $a96677 040 $aSeMil$bita 100 1 $aQueirolo, Agostino.$0(OLS)http://semarc/name/19390 245 10$aSanta Rita da Cascia /$cA Queirolo ; Prefazione di S. Eccellenza C. Boccoleri Vescovo di Terni e Narni. 260 $aMilano :$bMario Sejmand,$cstampa 1935. 300 $aXX, 74 p. ;$c20 cm. 600 04$aRita : da Cascia .$0(OLS)http://semarc/subject/3007 700 1 $aBoccoleri, Cesare.$0(OLS)http://semarc/name/51498 850 $aSeMil 852 $aSeMil$W1$xVenegono$y1$m861 1 *$j78618$B78618$CSeMilBibl$Z2$F80838 $81 961 $aLascito: Cenacolo 996 $6245$aSanta Rita da Cascia$9(OLS)http://semarc/title/182395 996 $6260$aMilano :$bMario Sejmand$9(OLS)http://semarc/publisher/46311